000 01941nam0a22003731 4500
001 RU\NLR\A1SV\57831
005 20251203171251.9
035 _a(NLR Aleph) 009739787
090 _a9939705
_c9939705
100 _a20070915d1926 u y0rusy50 ca
101 0 _arus
102 _aRU
200 1 _aИзыскания 1923 г.
_eИсслед. поймы оз. Ильмень (отчет о работах)
_fИнж. Г.К.Лоттер
_cТриангуляция на пойме оз. Ильмень
_fОтчет о работах Н.М.Никифорова и инж. А.В.Глаголева
_cИсследования истока р. Волхова
_fОтчет о работах инж. П.В.Иванова
_gВСНХ. Промбюро Сев.-Зап. обл. Стр-во гос. Волхов. гидроэектр. силов. установки
_gПредисл. нач. Отд. изысканий инж. В.Родевич
210 _aЛ.
_cТип. авиаизд-ва
_d1926
215 _a[4], 170, 20, 28 с., 20 л. ил. карт.
_cил.
_d27 см
225 _aМатериалы по исслед. реки Волхова и его бассейна
_fПод ред. нач. Отд. изысканий инж. В.М.Родевича
_vВып. 8
620 _dСанкт-Петербург
700 1 _aЛоттер
_bГ.К.
_f1888-1941
_gГерман Карлович
702 1 _aНикифоров
_bН.М.
_f1889-?
_gНиколай Митрофинович
702 1 _aРодевич
_bВс.
702 1 _aГлаголев
_bА.В.
_gАндрей Владимирович
702 1 _aИванов
_bП.В.
_f1886-?
_gпетр Владимирович
801 0 _aRU
_bNLR
_c20070915
852 _aNLR
_j7/117-8
852 _aNLR
_j124/531-8
852 _aNLR
_j124/531-8а
899 _aРГБ
899 _aВГБ
899 _aСПбГУ
899 _aМГУ
942 _cBOOK
980 _aNB
980 _aA1SV